| 000 | 00660cam a22001934a 4500 | ||
|---|---|---|---|
| 005 | 20250605163938.0 | ||
| 008 | 250528s ||||||||||||||||||||||||d | ||
| 035 | _a14947 | ||
| 020 | _a39439271 | ||
| 040 |
_aGR-AtMCL _bgre _dGR-AtMCL _eAACR2 |
||
| 245 | 1 | _aEssentials of Information Systems | |
| 520 | _aPurpose of this Sampler, Instructor's Manual, PC-Outline, Computerized Test Bank and Transparency Masters, Basic Programming Supplements, Broadcast Quality Videotapes, Lab Manuals and Application Software. | ||
| 700 | 1 |
_aMitchell _9758 |
|
| 700 | 1 |
_aRohm Tapie _9759 |
|
| 700 | 1 |
_aStewart Walter _9760 |
|
| 942 | _cBK | ||
| 999 |
_c556 _d556 |
||